| Tag |
First Indicator |
Second Indicator |
Subfields |
| LEADER |
00000cam a2200000 a 4500 |
| 001 |
in00005703621 |
| 005 |
20260318174228.2 |
| 006 |
m o d |
| 007 |
cr cnu---unuuu |
| 008 |
090318s1998 enka ob 001 0 eng d |
| 010 |
|
|
|z 98002537
|
| 040 |
|
|
|a N$T
|b eng
|e pn
|c N$T
|d OCLCQ
|d CGU
|d LGG
|d UBY
|d IDEBK
|d E7B
|d OCLCQ
|d UAB
|d OCLCQ
|d OCLCO
|d OCLCQ
|d OCLCF
|d OCLCQ
|d NLGGC
|d OCLCO
|d OCLCQ
|d OCLCO
|d OCLCQ
|d AZK
|d STBDS
|d LOA
|d OCLCO
|d TOA
|d OCLCO
|d AGLDB
|d Z5A
|d MOR
|d PIFAG
|d FIE
|d OCLCQ
|d U3W
|d STF
|d VNS
|d WRM
|d COCUF
|d VTS
|d CUY
|d NRAMU
|d VT2
|d OCLCQ
|d WYU
|d YOU
|d OCLCQ
|d OCLCA
|d BOL
|d UKCRE
|d AJS
|d INARC
|d OCLCO
|d SFB
|d OCLCQ
|d OCLCO
|d OCLCL
|d OCLCQ
|d CLOUD
|d OCLCO
|d OCLCQ
|d OCLCL
|d OCLCQ
|d TUHNV
|d UEJ
|
| 019 |
|
|
|a 71291919
|a 505109844
|a 646792596
|a 666962670
|a 961645603
|a 962677165
|a 968307361
|a 988453069
|a 992031051
|a 1035706366
|a 1037901359
|a 1038605823
|a 1045468153
|a 1055331219
|a 1065679797
|a 1081296281
|a 1114424511
|a 1153012218
|a 1228581014
|a 1243568437
|a 1256336451
|a 1256504085
|a 1261939798
|a 1298412907
|a 1370506454
|a 1397469346
|a 1409721544
|a 1430847010
|a 1438705423
|a 1451825864
|a 1451829435
|a 1458766907
|a 1465320200
|a 1485506477
|a 1503850273
|a 1541780726
|a 1561181931
|
| 020 |
|
|
|a 9780198292388
|q (electronic bk.)
|
| 020 |
|
|
|a 0198292384
|q (electronic bk.)
|
| 020 |
|
|
|a 0198292376
|
| 020 |
|
|
|a 9780198292371
|
| 020 |
|
|
|a 9780191600159
|
| 020 |
|
|
|a 0191600156
|
| 020 |
|
|
|a 0191521965
|
| 020 |
|
|
|a 9780191521966
|
| 020 |
|
|
|a 9786611970598
|
| 020 |
|
|
|a 6611970592
|
| 035 |
|
|
|a (OCoLC)316210303
|z (OCoLC)71291919
|z (OCoLC)505109844
|z (OCoLC)646792596
|z (OCoLC)666962670
|z (OCoLC)961645603
|z (OCoLC)962677165
|z (OCoLC)968307361
|z (OCoLC)988453069
|z (OCoLC)992031051
|z (OCoLC)1035706366
|z (OCoLC)1037901359
|z (OCoLC)1038605823
|z (OCoLC)1045468153
|z (OCoLC)1055331219
|z (OCoLC)1065679797
|z (OCoLC)1081296281
|z (OCoLC)1114424511
|z (OCoLC)1153012218
|z (OCoLC)1228581014
|z (OCoLC)1243568437
|z (OCoLC)1256336451
|z (OCoLC)1256504085
|z (OCoLC)1261939798
|z (OCoLC)1298412907
|z (OCoLC)1370506454
|z (OCoLC)1397469346
|z (OCoLC)1409721544
|z (OCoLC)1430847010
|z (OCoLC)1438705423
|z (OCoLC)1451825864
|z (OCoLC)1451829435
|z (OCoLC)1458766907
|z (OCoLC)1465320200
|z (OCoLC)1485506477
|z (OCoLC)1503850273
|z (OCoLC)1541780726
|z (OCoLC)1561181931
|
| 050 |
|
4 |
|a H62
|b .R4614 1998eb
|
| 072 |
|
7 |
|a SOC
|x 024000
|2 bisacsh
|
| 072 |
|
7 |
|a SOC
|x 019000
|2 bisacsh
|
| 080 |
|
|
|a 300.001.5
|
| 082 |
0 |
4 |
|a 300/.7/2
|2 22
|
| 084 |
|
|
|a 70.03
|2 bcl
|
| 084 |
|
|
|a MR 2000
|2 rvk
|
| 084 |
|
|
|a MR 2200
|2 rvk
|
| 049 |
|
|
|a TXAM
|
| 245 |
0 |
0 |
|a Research strategies in the social sciences :
|b a guide to new approaches /
|c edited by Elinor Scarbrough and Eric Tanenbaum.
|
| 260 |
|
|
|a Oxford [England] ;
|a New York :
|b Oxford University Press,
|c ©1998.
|
| 300 |
|
|
|a 1 online resource (xiv, 316 pages) :
|b illustrations
|
| 336 |
|
|
|a text
|b txt
|2 rdacontent
|
| 337 |
|
|
|a computer
|b c
|2 rdamedia
|
| 338 |
|
|
|a online resource
|b cr
|2 rdacarrier
|
| 347 |
|
|
|a text file
|2 rdaft
|0 http://rdaregistry.info/termList/fileType/1002
|
| 504 |
|
|
|a Includes bibliographical references and indexes.
|
| 505 |
0 |
|
|a Research strategies in the new environment / Eric Tanenbaum and Elinor Scarbrough -- Ordinary least squares and logistic regression analysis / David Sanders and Malcolm Brynin -- Linear structural equation models / Steffen Kuhnel -- Categorical data analysis / Allan McCutcheon and Colin Mills -- Modelling context and heterogeneity / Kelvyn Jones and Craig Duncan -- It's about time / Harold D. Clarke, Helmut Norpoth and Paul Whiteley -- Cointegration and modelling the long run / Simon Price -- Modelling space and time / Nathaniel Beck -- The glass bead game / Hugh Ward -- Political analysis in a world without foundations / Bobby Sayyid and Lilian Zac -- Discourse theory and political analysis / David Howarth.
|
| 520 |
8 |
|
|a In this volume, a team of experts sets out various analytic tools available to social scientists from social science methodology. It guides them through the maze of advanced techniques applicable across the range of the social sciences.
|
| 588 |
0 |
|
|a Print version record.
|
| 650 |
|
0 |
|a Social sciences
|x Research
|x Methodology.
|
| 650 |
|
0 |
|a Social sciences
|x Methodology.
|
| 650 |
|
0 |
|a Social sciences
|x Research
|x Data processing.
|
| 650 |
|
6 |
|a Sciences sociales
|x Recherche
|x Méthodologie.
|
| 650 |
|
6 |
|a Sciences sociales
|x Méthodologie.
|
| 650 |
|
6 |
|a Sciences sociales
|x Recherche
|x Informatique.
|
| 650 |
|
7 |
|a SOCIAL SCIENCE
|x Research.
|2 bisacsh
|
| 650 |
|
7 |
|a SOCIAL SCIENCE
|x Methodology.
|2 bisacsh
|
| 650 |
|
7 |
|a Social sciences
|x Methodology
|2 fast
|
| 650 |
|
7 |
|a Social sciences
|x Research
|x Data processing
|2 fast
|
| 650 |
|
7 |
|a Social sciences
|x Research
|x Methodology
|2 fast
|
| 650 |
|
7 |
|a Methode
|2 gnd
|
| 650 |
|
7 |
|a Sozialwissenschaften
|2 gnd
|
| 650 |
|
7 |
|a Forschung
|2 gnd
|
| 650 |
1 |
7 |
|a Sociaal-wetenschappelijk onderzoek.
|2 gtt
|
| 650 |
1 |
7 |
|a Onderzoeksmethoden.
|2 gtt
|
| 650 |
1 |
7 |
|a Data-analyse.
|2 gtt
|
| 650 |
1 |
7 |
|a Statistische analyse.
|2 gtt
|
| 655 |
|
7 |
|a Electronic books.
|2 local
|
| 655 |
|
7 |
|a Handbooks and manuals
|2 fast
|
| 700 |
1 |
|
|a Scarbrough, Elinor.
|1 https://id.oclc.org/worldcat/entity/E39PCjHW6rD6k4khBvWcrk4CV3
|
| 700 |
1 |
|
|a Tanenbaum, Eric.
|1 https://id.oclc.org/worldcat/entity/E39PCjwqhRvwPHb3F4Wb6drqjP
|
| 776 |
0 |
8 |
|i Print version:
|t Research strategies in the social sciences.
|d Oxford [England] ; New York : Oxford University Press, ©1998
|z 0198292384
|z 9780198292388
|w (DLC) 98002537
|w (OCoLC)38249484
|
| 776 |
0 |
8 |
|c Original
|z 0198292384
|z 9780198292388
|z 0198292376
|z 9780198292371
|w (DLC) 98002537
|
| 856 |
4 |
0 |
|u http://proxy.library.tamu.edu/login?url=https://academic.oup.com/book/26139
|z Connect to the full text of this electronic book
|t 0
|
| 955 |
|
|
|a Oxford Scholarship Online
|
| 994 |
|
|
|a 92
|b TXA
|
| 999 |
f |
f |
|i 0f91c1bc-0749-4ace-bbff-45eab56baa35
|s 4f04a6d0-122d-432f-89ce-aa34245f19b9
|t 0
|
| 952 |
f |
f |
|a Texas A&M University
|b College Station
|c Electronic Resources
|s www_evans
|d Available Online
|t 0
|e H62 .R4614 1998eb
|h Library of Congress classification
|
| 998 |
f |
f |
|a H62 .R4614 1998eb
|t 0
|l Available Online
|